000
00298nam a22001337a 4500
008
210507b ||||| |||| 00| 0 eng d
041
_a
eng
080
_2
3rd
_a
94
082
_a
94
100
_a
16
101
_a
SHH
245
_a
The Hero with a Thousand Faces
_c
Joseph Campbell
942
_2
udc
_c
BK
999
_c
57137
_d
57137